000 00637nam a2200169Ia 4500
008 110201s9999 xx 000 0 und d
082 _bB7699
_aS 1217
100 _aशानबाग माधुरी
245 _aटायगर स्लेअर बाय ऑर्डर
260 _bनवचैतन्य प्रकाशन
365 _b160
600 _aशानबाग माधुरी
630 _aटायगर स्लेअर बाय ऑर्डर
700 _aशानबाग माधुरी
730 _aटायगर स्लेअर बाय ऑर्डर
942 _cBOOK
999 _c833209
_d833206